000 00343nam a2200133Ia 4500
008 240624s9999 xx 000 0 und d
041 _aeng
082 _a332.6327 LAR
100 _aLARIMORE TAYLOR
245 _aBOGLEHEADS GUIDE TO THE THREE FUND PORTF
260 _c2018
_aNew Jersey
_bWiley
300 _axxv, 86 p.; 23 cm.
365 _c
_b35
999 _c31540
_d31540